000 00779cab a2200241 4500
001 WB3433-22
008 090401t1998 xxu||||| |||| 00| 0 eng d
035 _a(Sirsi) u88271
041 _aeng
245 _aManchester awarded £90m for stadium
260 _c1998
350 _a0
490 _aFinancial Times
_v3 September 1998, 8(1)
520 _aManchester has been awarded £90m by the National Lottery and Sports Council to build a stadium for the Commonwealth games in 2002 which could eventually become the home of Manchester City football club.
650 _aFUNDING
650 _aMANCHESTER
650 _aNATIONAL LOTTERY
650 _aSPORTS COUNCIL
650 _aSTADIUM
690 _aPROPERTY-PROPERTY DEVELOPMENT
942 _n0
948 _c03/09/1998
999 _c55756
_d55756